000 01603cam a2200289 i 4500
003 SA-RiAUC
005 20241217090428.0
008 241216s1984 su g 000r0 ara c
040 _aSA-RiAUC
_bara
_cSA-RiAUC
_erda
082 0 4 _a232.64
_qSA-RiAUC
090 _a232.64
_bذ هـ ب
100 1 _aالذهبي، محمد بن أحمد بن عثمان،
_d673-748 هجري
_eمؤلف.
245 1 0 _aأحاديث مختارة من موضوعات الجورقاني وابن الجوزي /
_cشمس الدين محمد بن أحمد بن عثمان الذهبي ؛ تحقيق وتعليق عبد الرحمن بن عبد الجبار الفرنوائي.
250 _aالطبعة الأولى.
264 1 _aالمدينة المنورة :
_bمكتبة الدار،
_c1984
300 _a167 صفحة ؛
_c24 سم
336 _aنص
_btxt
_2rdacontent
_3كتاب
337 _aبدون وسيط
_bn
_2rdamedia
338 _aمجلد
_bnc
_2rdacarrier
600 1 7 _aالجورقاني، الحسين بن إبراهيم بن الحسين،
_dتوفي 543 هجري
_2aucnm
600 1 7 _aابن الجوزي، عبد الرحمن بن علي بن محمد،
_d508-597 هجري
_2aucnm
650 7 _aالحديث الموضوع
_2aucsh
700 1 _aالفريوائي، عبد الرحمن بن عبد الجبار
_eمحقق.
700 1 2 _iتحقيق لـ (عمل) :
_aالذهبي، محمد بن أحمد بن عثمان،
_d673-748 هجري.
_tأحاديث مختارة من موضوعات الجورقاني وابن الجوزي.
942 _2ddc
_cBOOK
_n0
949 _aSA-JeALM
_d241216
_umohamedma123
_n1
999 _c3594
_d3594